00422nam a2200145Ia 4500008004100000040001900041041001200060082002500072100002300097245004900120260003400169300002800203650002700231850001800258131103s9999 xx 000 0 und d aLoreto College aEnglish a920/HETbLCLIB/15459 aHetherington, John aAustralians nine profilescJohn Hetherington aMelbournebF W Cheshirec1960 axv,181p.b ill.c 21cm. aBiography - Collection aLCLIB/920/HET